Statystyki dla Kluby Piłkarskie Kl.2a

Kliknij tutaj aby rozwiązać quiz!

Ogólne statystyki

  • Ten quiz został rozwiązany 54 razy
  • Średni wynik to 6 z 8

Statystyki odpowiedzi

Data powstaniaKlub% Poprawnych
01.10.2022Niepokonani
90%
20.12.2023Atletico Szczecin
80%
21.12.2023Atletico Szczecin 2
80%
28.09.2023Fc szczecin
80%
03.11.2023Team plusio
80%
30.11.2023Klub z cukru
70%
05.10.2023Niepokonani 2.0
70%
01.01.2023Słaba polska
70%

Rozkład punktacji

Percentyl według liczby udzielonych odpowiedzi

Procent ludzi z każdym wynikiem

Twoja historia wyników

Nie rozwiązałeś tego quizu